| 000 | 00848 a2200169 4500 | ||
|---|---|---|---|
| 003 | Nust | ||
| 005 | 20221124135426.0 | ||
| 040 | _cNust | ||
| 082 | _a516, CRA | ||
| 100 |
_aCracknell A.G _9103520 |
||
| 245 |
_aIntermediate Geometry _cA.G Cracknell _bbeing the geometry of similar figures space and solids |
||
| 260 |
_aLondon _bUniversity Tutrial _c1936 |
||
| 300 | _a262:p | ||
| 505 | _aRatio And Proportions (Page-1), Similar Figures (Page-31), Proportion Theorems On Areas (Page-51), Rectangle Theorems (Page-65), Straight Lines And Planes (Page-87), Parallel And Parallelepids (Page-98), Lines Perpendicular To Planes (Page-116), Dihedral, Trihedral And Polyhedral Angles (Page-131), Polyhedra (Page-145), Solids Of Revolution (Page-169), Surface Area And Volumes Of Simple Solids (Page-177). | ||
| 650 |
_aGeometry _933411 |
||
| 942 |
_2ddc _cBK |
||
| 999 |
_c181004 _d181004 |
||